[Event "EU-ch Hybrid U16"]
[Site "Tornelo INT"]
[Date "2021.10.15"]
[Round "1"]
[White "Adamia, Jaba"]
[Black "Gagic, Milan A"]
[Result "0-1"]
[WhiteElo "1917"]
[BlackElo "2225"]
[PlyCount "90"]
[EventDate "2021.10.15"]
[EventType "swiss"]
[EventRounds "9"]
[EventCountry "NET"]
[SourceTitle "EXT 2023"]
[Source "ChessBase"]
[SourceDate "2022.10.05"]
[SourceVersion "1"]
[SourceVersionDate "2022.10.05"]
[SourceQuality "1"]
[WhiteTeam "Georgia"]
[BlackTeam "Serbia"]
[WhiteTeamCountry "GEO"]
[BlackTeamCountry "SRB"]

1. d4 Nf6 2. c4 e6 3. Nf3 d5 4. Bg5 Nbd7 5. Nc3 c6 6. e3 Qa5 7. Bxf6 Nxf6 8. Nd2 Bb4 9. Qc2 0-0 10. Bd3 c5 11. Nb3 Qc7 12. dxc5 a5 13. cxd5 a4 14. Nd4 a3 15. 0-0 Qxc5 16. Nb3 Qc7 17. Ne4 Qxc2 18. Nxf6+ gxf6 19. Bxc2 axb2 20. Rab1 Rxa2 21. Nd4 Bc3 22. Nb5 Be5 23. f4 Bd7 24. Nd4 Bxd4 25. exd4 exd5 26. Bb3 Ra5 27. Rxb2 Rb5 28. Rff2 Re8 29. h3 Bc6 30. Ba2 Re1+ 31. Kh2 Rxb2 32. Rxb2 Re4 33. Rd2 Rxf4 34. Bb1 Rf1 35. Rb2 Rd1 36. Rb4 Rc1 37. Bd3 Rc3 38. Bb5 Kg7 39. Be2 Kg6 40. Bf3 Rc4 41. Rxc4 dxc4 42. d5 Bd7 43. d6 c3 44. Be4+ f5 45. Bc2 Kf6 0-1

[Event "GEO-ch 1st League 80th"]
[Site "Tbilisi"]
[Date "2021.04.06"]
[Round "9"]
[White "Adamia, Jaba"]
[Black "Qalichava, Akaki"]
[Result "0-1"]
[WhiteElo "1899"]
[BlackElo "1877"]
[PlyCount "64"]
[EventDate "2021.03.29"]
[EventType "swiss"]
[EventRounds "9"]
[EventCountry "GEO"]
[SourceTitle "CBM 202 Extra"]
[Source "ChessBase"]
[SourceDate "2021.07.31"]
[SourceVersion "1"]
[SourceVersionDate "2021.07.31"]
[SourceQuality "1"]

1. d4 Nf6 2. c4 e6 3. Nf3 b6 4. g3 Ba6 5. Nbd2 d5 6. Bg2 c6 7. 0-0 Be7 8. b3 Nbd7 9. Bb2 Rc8 10. Re1 0-0 11. e4 dxe4 12. Ng5 Qc7 13. Ndxe4 h6 14. Nh3 Nxe4 15. Bxe4 Nf6 16. Bc2 Rfd8 17. Nf4 b5 18. Qd3 bxc4 19. bxc4 Rb8 20. Rab1 Rb4 21. Nh5 g6 22. Nxf6+ Bxf6 23. Bb3 c5 24. Re4 cxd4 25. Bxd4 Bb7 26. Rf4 Qc6 27. f3 Bxd4+ 28. Rxd4 Rxd4 29. Qxd4 Qxf3 30. Rb2 Bc6 31. Rd2 Rb7 32. Qb2 Rd7 0-1

[Event "GEO-ch 1st League 80th"]
[Site "Tbilisi"]
[Date "2021.04.04"]
[Round "7"]
[White "Adamia, Jaba"]
[Black "Gabunia, Davit"]
[Result "1-0"]
[WhiteElo "1899"]
[BlackElo "1715"]
[PlyCount "67"]
[EventDate "2021.03.29"]
[EventType "swiss"]
[EventRounds "9"]
[EventCountry "GEO"]
[SourceTitle "CBM 202 Extra"]
[Source "ChessBase"]
[SourceDate "2021.07.31"]
[SourceVersion "1"]
[SourceVersionDate "2021.07.31"]
[SourceQuality "1"]

1. d4 Nf6 2. c4 e6 3. Nf3 b6 4. Bg5 Bb7 5. e3 Be7 6. Nc3 d5 7. cxd5 Nxd5 8. Bxe7 Qxe7 9. Rc1 Nxc3 10. Rxc3 0-0 11. Qc2 Rc8 12. Bd3 h6 13. 0-0 c5 14. dxc5 Rxc5 15. Rxc5 bxc5 16. Be4 Na6 17. Bxb7 Qxb7 18. Rd1 Rb8 19. b3 Qc7 20. Qd2 Nb4 21. h3 Nd5 22. Rc1 Rd8 23. Qe2 Nb6 24. Nd4 Rd5 25. Nb5 Qd7 26. a4 Rd2 27. Qf3 a6 28. Nc3 f5 29. a5 Nd5 30. Na4 Qb5 31. Nxc5 Qxa5 32. Nxe6 Nc3 33. Qb7 Ne2+ 34. Kh1 1-0

[Event "GEO-ch 1st League 80th"]
[Site "Tbilisi"]
[Date "2021.04.02"]
[Round "5"]
[White "Adamia, Jaba"]
[Black "Akhvlediani, Irakli"]
[Result "0-1"]
[WhiteElo "1899"]
[BlackElo "2355"]
[PlyCount "92"]
[EventDate "2021.03.29"]
[EventType "swiss"]
[EventRounds "9"]
[EventCountry "GEO"]
[SourceTitle "CBM 202 Extra"]
[Source "ChessBase"]
[SourceDate "2021.07.31"]
[SourceVersion "1"]
[SourceVersionDate "2021.07.31"]
[SourceQuality "1"]

1. Nf3 c5 2. g3 d5 3. d4 cxd4 4. Nxd4 e5 5. Nb3 Nf6 6. Bg2 Be6 7. c4 Nc6 8. cxd5 Bxd5 9. 0-0 Bxg2 10. Kxg2 h6 11. Be3 Qc7 12. Nc3 Rd8 13. Nb5 Qc8 14. Qc1 a6 15. Na7 Nxa7 16. Bxa7 Qe6 17. Rd1 Rxd1 18. Qxd1 Be7 19. Rc1 0-0 20. Bc5 Rd8 21. Qe1 Bxc5 22. Rxc5 Ne4 23. Rc2 Qf5 24. f3 Ng5 25. Rd2 Rc8 26. Qd1 e4 27. Rd8+ Rxd8 28. Qxd8+ Kh7 29. Qd1 h5 30. Nd2 h4 31. gxh4 Qh3+ 32. Kh1 Qxh4 33. Nxe4 Nxe4 34. Qb1 Kh6 35. fxe4 Qf2 36. Qd1 f6 37. e5 fxe5 38. Qd6+ g6 39. Qd2+ g5 40. h3 e4 41. Qd6+ Kh5 42. Qd7 Qf1+ 43. Kh2 Qxe2+ 44. Kg1 Kh4 45. Qf5 Qe1+ 46. Kh2 Qg3+ 0-1

[Event "GEO-ch 1st League 80th"]
[Site "Tbilisi"]
[Date "2021.03.30"]
[Round "2"]
[White "Bagaturov, Giorgi"]
[Black "Adamia, Jaba"]
[Result "1-0"]
[WhiteElo "2431"]
[BlackElo "1899"]
[PlyCount "97"]
[EventDate "2021.03.29"]
[EventType "swiss"]
[EventRounds "9"]
[EventCountry "GEO"]
[SourceTitle "CBM 202 Extra"]
[Source "ChessBase"]
[SourceDate "2021.07.31"]
[SourceVersion "1"]
[SourceVersionDate "2021.07.31"]
[SourceQuality "1"]

1. d4 Nf6 2. Nf3 e6 3. c4 b6 4. g3 Bb7 5. Bg2 Be7 6. 0-0 0-0 7. Re1 d6 8. Nc3 Ne4 9. Qc2 f5 10. d5 Nxc3 11. Qxc3 e5 12. e4 Bc8 13. Be3 Qe8 14. exf5 Bxf5 15. Ng5 Bxg5 16. Bxg5 Qg6 17. Be3 Nd7 18. b4 Nf6 19. c5 Be4 20. Qc4 Bxg2 21. Kxg2 Qh5 22. f3 e4 23. f4 Qxd5 24. Qxd5+ Nxd5 25. cxd6 Nxb4 26. Re2 cxd6 27. Bd2 Nd3 28. Rxe4 Rfe8 29. Kf3 Nc5 30. Rd4 Re6 31. f5 Rf8 32. g4 g6 33. Bf4 gxf5 34. Bxd6 fxg4+ 35. Kg2 Re2+ 36. Kh1 Rff2 37. Rxg4+ Kf7 38. Rh4 Ne4 39. Bg3 Nxg3+ 40. hxg3 Kg6 41. a4 h5 42. g4 hxg4 43. Rxg4+ Kf6 44. Rh4 Ra2 45. Re1 Kg5 46. Rh8 Kf4 47. Rf8+ Kg3 48. Rg1+ Rg2 49. Rxg2+ 1-0

[Event "Gaprindashvili Cup op 2nd"]
[Site "Tornelo INT"]
[Date "2020.11.10"]
[Round "7"]
[White "Adamia, Jaba"]
[Black "Nemsadze, Daviti"]
[Result "0-1"]
[WhiteElo "1899"]
[BlackElo "1690"]
[PlyCount "123"]
[EventDate "2020.11.08"]
[EventType "swiss (rapid)"]
[EventRounds "9"]
[EventCountry "GEO"]
[SourceTitle "EXT 2022"]
[Source "ChessBase"]
[SourceDate "2021.10.06"]
[SourceVersion "1"]
[SourceVersionDate "2021.10.06"]
[SourceQuality "1"]

1. d4 Nf6 2. g3 e6 3. c4 d5 4. Nf3 dxc4 5. Bg2 c6 6. 0-0 Nbd7 7. a4 a5 8. Na3 Bxa3 9. Rxa3 0-0 10. Bg5 h6 11. Bf4 b5 12. Bd6 Re8 13. Ne5 Nxe5 14. dxe5 Nd5 15. axb5 cxb5 16. Bxd5 exd5 17. Qxd5 Bh3 18. Rfa1 Qb6 19. Bc5 Qg6 20. Bd6 Qc2 21. Qd1 Qxd1+ 22. Rxd1 b4 23. Raa1 Rec8 24. f3 Be6 25. Kf2 Kh7 26. Rdc1 g6 27. Ke3 c3 28. bxc3 b3 29. Rab1 a4 30. Ba3 g5 31. Rb2 Ra5 32. f4 Rc4 33. Rd2 Rb5 34. Bb2 h5 35. Rd4 a3 36. Bxa3 b2 37. Rb1 Rxc3+ 38. Rd3 Rc2 39. Rd2 Rb3+ 40. Rd3 gxf4+ 41. gxf4 Rxe2+ 42. Kxe2 Bc4 43. Rxb2 Bxd3+ 44. Kf2 Rxa3 45. Rb6 h4 46. Rf6 Kg7 47. Rd6 Ra2+ 48. Kg1 Be4 49. Rd4 Bf5 50. Rd6 h3 51. Rd4 Rg2+ 52. Kh1 Bg4 53. Rd3 Bf5 54. Rg3+ Rxg3 55. hxg3 Be6 56. Kg1 Kh6 57. Kf2 Kh5 58. f5 Bxf5 59. Kf3 Be4+ 60. Kf4 h2 61. g4+ Kh4 62. e6 0-1

[Event "Gaprindashvili Cup op 2nd"]
[Site "Tornelo INT"]
[Date "2020.11.10"]
[Round "8"]
[White "Qalichava, Akaki"]
[Black "Adamia, Jaba"]
[Result "1-0"]
[WhiteElo "1877"]
[BlackElo "1899"]
[PlyCount "131"]
[EventDate "2020.11.08"]
[EventType "swiss (rapid)"]
[EventRounds "9"]
[EventCountry "GEO"]
[SourceTitle "CBM 199 Extra"]
[Source "ChessBase"]
[SourceDate "2021.01.31"]
[SourceVersion "1"]
[SourceVersionDate "2021.01.31"]
[SourceQuality "1"]

1. e4 c5 2. Nf3 e6 3. d4 cxd4 4. Nxd4 a6 5. Bd3 Nf6 6. 0-0 Qc7 7. Qe2 d6 8. c4 g6 9. Nc3 Bg7 10. Be3 0-0 11. h3 Nbd7 12. Rac1 b6 13. b3 Bb7 14. Bb1 Nc5 15. f3 Rac8 16. Rfd1 Rfd8 17. Qf2 Ncd7 18. Nde2 Ba8 19. Nf4 Rb8 20. Bd3 Ne5 21. Bf1 Qb7 22. Na4 b5 23. cxb5 axb5 24. Nb6 d5 25. exd5 Nxd5 26. Nfxd5 exd5 27. Nxa8 Rxa8 28. Rc5 d4 29. Rxd4 Nxf3+ 30. gxf3 Bxd4 31. Bxd4 Rd5 32. Rxd5 Qxd5 33. Be3 Re8 34. Qd2 Qxf3 35. Bf2 Qf5 36. a4 bxa4 37. bxa4 Ra8 38. Qd4 h5 39. Bg2 Rc8 40. Kh2 Kh7 41. Bg3 Rc2 42. Qe3 Ra2 43. Qb3 Re2 44. Kh1 Qf6 45. Qf3 Qa1+ 46. Kh2 Qa2 47. a5 Re7 48. Qd5 Qa4 49. Qd6 Re6 50. Qf8 Qd7 51. Qa3 Re2 52. Qf3 Ra2 53. Be1 Qc7+ 54. Qg3 Qxg3+ 55. Kxg3 g5 56. Bb7 Ra3+ 57. Kg2 g4 58. hxg4 hxg4 59. a6 f5 60. Bf2 f4 61. a7 g3 62. Bc5 Ra2+ 63. Kh3 Rh2+ 64. Kg4 Ra2 65. Be4+ Kh6 66. Bf8# 1-0

[Event "Gaprindashvili Cup op 2nd"]
[Site "Tornelo INT"]
[Date "2020.11.09"]
[Round "5"]
[White "Adamia, Jaba"]
[Black "Volkov, Nika"]
[Result "0-1"]
[WhiteElo "1899"]
[BlackElo "2084"]
[PlyCount "112"]
[EventDate "2020.11.08"]
[EventType "swiss (rapid)"]
[EventRounds "9"]
[EventCountry "GEO"]
[SourceTitle "CBM 199 Extra"]
[Source "ChessBase"]
[SourceDate "2021.01.31"]
[SourceVersion "1"]
[SourceVersionDate "2021.01.31"]
[SourceQuality "1"]

1. d4 d5 2. Nf3 e6 3. c4 c6 4. Nc3 dxc4 5. a4 Bb4 6. e3 b5 7. Be2 Nf6 8. 0-0 0-0 9. Ne5 Nd5 10. Qc2 Bb7 11. axb5 Bxc3 12. bxc6 Nxc6 13. Nxc6 Bxc6 14. bxc3 Bb5 15. e4 Nb6 16. Ba3 Re8 17. f4 Qd7 18. f5 Ba4 19. Qd2 exf5 20. exf5 Nd5 21. Rf3 Bb3 22. Raf1 f6 23. h4 Re4 24. Rh3 Rae8 25. Bh5 Rb8 26. Bf3 Ree8 27. Bh5 Red8 28. Rg3 Qc7 29. Qf2 Ba4 30. Bc1 Be8 31. Bd1 Kh8 32. h5 Rb1 33. Bc2 Rb7 34. h6 Qd6 35. Be4 Bc6 36. hxg7+ Rxg7 37. Rxg7 Kxg7 38. Qd2 Rg8 39. Rf3 Kh8 40. Rh3 Rg7 41. Qe2 Nxc3 42. Rxc3 Qxd4+ 43. Re3 Bxe4 44. Bb2 Rxg2+ 45. Qxg2 Qxe3+ 46. Qf2 Qxf2+ 47. Kxf2 Kg7 48. Ke3 Bxf5 49. Kf4 Bd3 50. Bc3 Kg6 51. Kg4 h5+ 52. Kf4 f5 53. Be1 Kf6 54. Bc3+ Ke6 55. Kg5 Kd5 56. Kxh5 Ke4 0-1

[Event "Gaprindashvili Cup op 2nd"]
[Site "Tornelo INT"]
[Date "2020.11.08"]
[Round "1"]
[White "Adamia, Jaba"]
[Black "Pantsulaia, Levan"]
[Result "0-1"]
[WhiteElo "1899"]
[BlackElo "2553"]
[PlyCount "42"]
[EventDate "2020.11.08"]
[EventType "swiss (rapid)"]
[EventRounds "9"]
[EventCountry "GEO"]
[SourceTitle "CBM 199 Extra"]
[Source "ChessBase"]
[SourceDate "2021.01.31"]
[SourceVersion "1"]
[SourceVersionDate "2021.01.31"]
[SourceQuality "1"]

1. d4 Nf6 2. c4 c5 3. d5 e6 4. Nc3 exd5 5. cxd5 d6 6. e4 g6 7. Bd3 Bg7 8. Nf3 a6 9. a4 Bg4 10. 0-0 0-0 11. h3 Bxf3 12. Qxf3 Nbd7 13. Qe2 Re8 14. Bf4 Qe7 15. Rfe1 Nh5 16. Bh2 Be5 17. Qd2 Qh4 18. Bxe5 Nxe5 19. Re3 Nf4 20. Bf1 Nxh3+ 21. gxh3 Qg5+ 0-1

[Event "GEO-ch U20"]
[Site "Tbilisi"]
[Date "2020.08.09"]
[Round "4"]
[White "Tsereteli, Tornike"]
[Black "Adamia, Jaba"]
[Result "0-1"]
[WhiteElo "1735"]
[BlackElo "1905"]
[PlyCount "60"]
[EventDate "2020.08.06"]
[EventType "swiss"]
[EventRounds "9"]
[EventCountry "GEO"]
[SourceTitle "CBM 197 Extra"]
[Source "ChessBase"]
[SourceDate "2020.09.30"]
[SourceVersion "1"]
[SourceVersionDate "2020.09.30"]
[SourceQuality "1"]

1. e4 c5 2. c3 d5 3. exd5 Qxd5 4. d4 Nc6 5. Nf3 Nf6 6. Be3 cxd4 7. cxd4 e6 8. Nc3 Qd6 9. Bd3 Be7 10. a3 0-0 11. 0-0 b6 12. Qe2 Bb7 13. Rad1 Ng4 14. Bb1 Nxd4 15. Bxd4 Bxf3 16. Be5 Qxd1 17. Qb5 a6 18. Qxb6 Qd7 19. Bg3 Bb7 20. Qa5 Nf6 21. Qg5 Qc6 22. Be5 h6 23. Qg3 Nh5 24. Qg4 f5 25. Qg6 Bg5 26. Be4 fxe4 27. Qxh5 e3 28. f3 e2 29. Nxe2 Qc5+ 30. Bd4 Be3+ 0-1

[Event "EU-ch U14"]
[Site "Bratislava"]
[Date "2019.08.10"]
[Round "9"]
[White "Adamia, Jaba"]
[Black "Olde, Karl Erik"]
[Result "1/2-1/2"]
[WhiteElo "1961"]
[BlackElo "1689"]
[PlyCount "60"]
[EventDate "2019.08.02"]
[EventType "swiss"]
[EventRounds "9"]
[EventCountry "SVK"]
[SourceTitle "EXT 2020"]
[Source "ChessBase"]
[SourceDate "2019.10.17"]
[SourceVersion "1"]
[SourceVersionDate "2019.10.17"]
[SourceQuality "1"]

1. d4 d5 2. Nf3 Nf6 3. c4 e6 4. Nc3 Be7 5. Bg5 b6 6. cxd5 exd5 7. e3 Bb7 8. Ne5 0-0 9. Bd3 Ne4 10. Bxe7 Qxe7 11. 0-0 Nd7 12. Nxd7 Qxd7 13. Qc2 f5 14. Rac1 Rac8 15. b4 Rf6 16. f3 Nxc3 17. Qxc3 Qe7 18. Rfe1 g6 19. Qb3 Kg7 20. Bf1 Re6 21. g3 Re8 22. Rc3 h5 23. f4 c6 24. h4 Re4 25. Qb2 Kh6 26. Rb3 Qg7 27. Kf2 Qf6 28. Qd2 Qe7 29. Rc1 Re6 30. Rcc3 b5 1/2-1/2

[Event "Poti op 14th"]
[Site "Poti"]
[Date "2019.07.18"]
[Round "7"]
[White "Adamia, Jaba"]
[Black "Virabian, Gor"]
[Result "0-1"]
[WhiteElo "1819"]
[BlackElo "2048"]
[PlyCount "96"]
[EventDate "2019.07.13"]
[EventType "swiss"]
[EventRounds "9"]
[EventCountry "GEO"]
[SourceTitle "EXT 2020"]
[Source "ChessBase"]
[SourceDate "2019.10.17"]
[SourceVersion "1"]
[SourceVersionDate "2019.10.17"]
[SourceQuality "1"]

1. d4 d5 2. Nf3 e6 3. c4 c6 4. Nc3 Nf6 5. Bg5 dxc4 6. e4 b5 7. e5 h6 8. Bh4 g5 9. Nxg5 hxg5 10. Bxg5 Nbd7 11. exf6 Bb7 12. Qc2 Nxf6 13. Be2 Be7 14. Bf3 Qxd4 15. Ne2 Qd8 16. Bxf6 Bxf6 17. 0-0 Qc7 18. Ng3 0-0-0 19. a4 Bd4 20. Rfd1 Kb8 21. Rac1 Be5 22. Qe2 Bf4 23. Rc2 Qe5 24. Qf1 Rxd1 25. Qxd1 Qd6 26. Qe2 Qd3 27. Nf1 Qxe2 28. Bxe2 a6 29. g3 Bh6 30. Bf3 c5 31. Bxb7 Kxb7 32. f4 Bg7 33. Kg2 Kc6 34. axb5+ axb5 35. Ne3 Ra8 36. f5 Ra2 37. fxe6 fxe6 38. Nd1 c3 39. Nxc3 Bxc3 40. Rxc3 Rxb2+ 41. Kh3 c4 42. Re3 Kd5 43. Re1 c3 44. g4 c2 45. Rc1 b4 46. g5 b3 47. g6 Ra2 48. Kg4 b2 0-1

[Event "Wch U12"]
[Site "Batumi"]
[Date "2016.10.22"]
[Round "4"]
[White "Adamia, Jaba"]
[Black "Boulos, Carlos"]
[Result "1-0"]
[WhiteElo "1596"]
[BlackElo "1794"]
[PlyCount "39"]
[EventDate "2016.10.19"]
[EventType "swiss"]
[EventRounds "11"]
[EventCountry "GEO"]
[SourceTitle "EXT 2018"]
[Source "ChessBase"]
[SourceDate "2017.10.13"]
[SourceVersion "1"]
[SourceVersionDate "2017.10.13"]
[SourceQuality "1"]

1. d4 d5 2. c4 e6 3. Nf3 Nf6 4. Bg5 Nbd7 5. cxd5 exd5 6. Nc3 c6 7. e3 Bd6 8. Bd3 0-0 9. 0-0 h6 10. Bh4 Re8 11. Rb1 Nf8 12. b4 Bg4 13. b5 Qc7 14. h3 Bh5 15. Rc1 Qd7 16. Bxf6 gxf6 17. bxc6 bxc6 18. Be2 Ne6 19. Qa4 Be7 20. h4 1-0